5HLuxD.jpg

KING HENRY VIII SENIOR AND PRIMARY SCHOOL LIBRARY OPAC

Michael Rosen's A to Z : (Record no. 489)

000 -LEADER
fixed length control field 01261aam a22004091a 4500
001 - CONTROL NUMBER
control field 021005942
003 - CONTROL NUMBER IDENTIFIER
control field UkOxU
005 - DATE AND TIME OF LATEST TRANSACTION
control field 20190816135840.0
006 - FIXED-LENGTH DATA ELEMENTS--ADDITIONAL MATERIAL CHARACTERISTICS
fixed length control field m || d |
007 - PHYSICAL DESCRIPTION FIXED FIELD--GENERAL INFORMATION
fixed length control field cr |||||||||||
008 - FIXED-LENGTH DATA ELEMENTS--GENERAL INFORMATION
fixed length control field 110420s2009 enka jo 001 p eng d
015 ## - NATIONAL BIBLIOGRAPHY NUMBER
National bibliography number GBB7I3564
Source bnb
020 ## - INTERNATIONAL STANDARD BOOK NUMBER
International Standard Book Number 9780141324500
035 ## - SYSTEM CONTROL NUMBER
System control number (Uk)018530113
037 ## - SOURCE OF ACQUISITION
Stock number PenguinGroup194039
Source of stock number/acquisition Ingram Content Group
040 ## - CATALOGING SOURCE
Original cataloging agency TEFOD
Language of cataloging eng
Transcribing agency TEFOD
Modifying agency OCLCQ
-- OCLCF
-- TEFOD
-- OCLCQ
-- Uk
042 ## - AUTHENTICATION CODE
Authentication code ukblsr
082 04 - DEWEY DECIMAL CLASSIFICATION NUMBER
Classification number 821.914 ROS
Edition number 22
100 ## - MAIN ENTRY--PERSONAL NAME
Personal name Rosen, Michael
245 00 - TITLE STATEMENT
Title Michael Rosen's A to Z :
Remainder of title the best children's poetry from Agard to Zephaniah /
Statement of responsibility, etc. illustrated by Joe Berger.
246 30 - VARYING FORM OF TITLE
Title proper/short title A to Z
260 ## - PUBLICATION, DISTRIBUTION, ETC.
Place of publication, distribution, etc. London :
Name of publisher, distributor, etc. Puffin,
Date of publication, distribution, etc. 2009.
300 ## - PHYSICAL DESCRIPTION
Extent xiii, 289 p. :
Other physical details ill. ;
Dimensions 20 cm.
336 ## - CONTENT TYPE
Content type term text
Source rdacontent
337 ## - MEDIA TYPE
Media type term computer
Source rdamedia
338 ## - CARRIER TYPE
Carrier type term online resource
Source rdacarrier
500 ## - GENERAL NOTE
General note Includes index.
500 ## - GENERAL NOTE
General note Academic
650 #7 - SUBJECT ADDED ENTRY--TOPICAL TERM
Topical term or geographic name entry element Anthologies (Children's / Teenage)
650 #7 - SUBJECT ADDED ENTRY--TOPICAL TERM
Source of heading or term Children's poetry
650 #0 - SUBJECT ADDED ENTRY--TOPICAL TERM
Topical term or geographic name entry element Children's poetry.
650 #7 - SUBJECT ADDED ENTRY--TOPICAL TERM
Topical term or geographic name entry element Children's poetry.
Source of heading or term fast
Authority record control number or standard number (OCoLC)fst00856335
700 ## - ADDED ENTRY--PERSONAL NAME
Personal name Berger, Joe
Relator term Illustrator
942 ## - ADDED ENTRY ELEMENTS (KOHA)
Source of classification or shelving scheme
Koha item type Books - Non Ficton
Holdings
Withdrawn status Lost status Source of classification or shelving scheme Damaged status Not for loan Collection code Permanent Location Current Location Shelving location Date acquired Full call number Barcode Date last seen Price effective from Koha item type
          Non-Fiction KH8 Senior School Library KH8 Senior School Library Non Fiction 2019-08-16 821.914 ROS 3KHSL000100208 2019-08-16 2019-08-16 Books - Non Ficton

Powered By KH8 IT Dept